Statistics for Americas Capital to Country Quiz

Click here to take the quiz!

General Stats

  • This quiz has been taken 1,725 times
    (1,721 since last reset)
  • The average score is 30 of 35

Answer Stats

HintAnswer% Correct
OttawaCanada
98%
Mexico CityMexico
98%
Buenos AiresArgentina
97%
Guatemala CityGuatemala
97%
Panama CityPanama
97%
Washington D.C.United States
97%
BrasíliaBrazil
96%
HavanaCuba
96%
LimaPeru
96%
San SalvadorEl Salvador
95%
Santiago / Valparaíso*Chile
93%
BogotáColombia
93%
KingstonJamaica
92%
MontevideoUruguay
92%
CaracasVenezuela
91%
Sucre / La PazBolivia
90%
QuitoEcuador
90%
Port-au-PrinceHaiti
90%
AsunciónParaguay
88%
Santo DomingoDominican Republic
87%
NassauThe Bahamas
86%
San JoséCosta Rica
85%
ManaguaNicaragua
84%
TegucigalpaHonduras
82%
ParamariboSuriname
80%
Port of SpainTrinidad and Tobago
80%
BelmopanBelize
79%
BridgetownBarbados
78%
GeorgetownGuyana
78%
CastriesSaint Lucia
73%
KingstownSaint Vincent and the Grenadines
73%
RoseauDominica
72%
Saint John'sAntigua and Barbuda
71%
Saint George'sGrenada
71%
BasseterreSt Kitts and Nevis
69%

Score Distribution

Percentile by Number Answered

Percent of People with Each Score

Your Score History

You have not taken this quiz since the last reset